000 00443nam a22001817a 4500
003 MPLRDC
005 20220104144100.0
008 210129b ||||| |||| 00| 0 eng d
020 _a7-115-04750-2
082 _a448.8 YYM
100 _a北京市教育局编
245 _a无线电技术基础
_c
250 _a初版
260 _a
_b人民邮电出版社
_c1992
300 _b
650 _a无线电工学
942 _cBK
_o448.8 YYM
999 _c46209
_d46199